000 00447nam a2200181Ia 4500
005 20250508152036.0
008 008 250505s9999 xx 000 0 eng d
037 _aTextual
040 _aFEDL
_beng
_cFEDL
041 _aeng
_2eng
084 _a378, TAG
_qFEDL
100 _aTagore Rabindranath
245 0 _aVishwa Bharti (Bengali)
260 _c1941
300 _a48p
942 _cTEXL
_h378, TAG
999 _c1333874
_d1333874